[Event "Detroit (Class B/2/8)"]
[Site "?"]
[Date "1994.??.??"]
[Round "?"]
[White "Rostrom, Richard"]
[Black "Tracz, J."]
[Result "0-1"]
[WhiteElo "1675"]
[BlackElo "1710"]
[PlyCount "118"]
[EventDate "1994.??.??"]

{2/(8)} 1. c4 Nf6 2. Nc3 g6 3. g3 Bg7 4. Bg2 O-O 5. e4 d6 6. Nge2 c5 7. O-O Nc6
8. d3 Bd7 9. h3 a6 10. Rb1 Rb8 11. Kh2 b5 12. b3 Qc7 13. Bd2 bxc4 14. bxc4 Rxb1
15. Qxb1 Rb8 16. Qc1 Nb4 17. Nf4 g5 18. Nfd5 Nfxd5 19. Nxd5 Nxd5 20. exd5 h6
21. f4 Rb2 22. Bc3 Bxc3 23. Qxc3 Qb6 24. fxg5 hxg5 25. Qe1 e5 26. Qe3 Qd8 27.
Qf3 Qe7 28. Qh5 f6 29. Qg6+ Qg7 30. Rxf6 Qxg6 31. Rxg6+ Kf7 32. Rxd6 Bf5 33.
Rc6 Bxd3 34. Kg1 Bxc4 35. Rxc5 Bb5 36. d6 Ke6 37. Rc8 Kxd6 38. Rd8+ Ke7 39. Rb8
Rxa2 40. Rb7+ Kf6 41. Be4 Re2 42. Rb6+ Ke7 43. Rb7+ Kf6 44. Rb6+ Ke7 45. Rb7+
Kd6 46. Bf3 Ra2 47. Rb6+ Kc5 48. Re6 Kd4 49. Rg6 Ke3 50. Bd5 Ra1+ 51. Kh2 Rd1
52. Bb7 Rd2+ 53. Kg1 Be2 54. Rxg5 e4 55. g4 Bf3 56. Bxa6 Rg2+ 57. Kf1 Rh2 58.
Ke1 Rd2 59. Be2 Bxe2 0-1

[Event "Flint (MI Senior/3/3)"]
[Site "?"]
[Date "1994.??.??"]
[Round "?"]
[White "Rostrom, Richard"]
[Black "Thurman, John"]
[Result "0-1"]
[WhiteElo "1605"]
[BlackElo "1785"]
[PlyCount "72"]
[EventDate "1994.??.??"]

{3/(3)} 1. c4 Nf6 2. Nc3 e6 3. g3 d5 4. cxd5 exd5 5. d4 Bf5 6. Bg2 c6 7. Nf3
Nbd7 8. O-O Bd6 9. Nh4 Be6 10. f4 g6 11. f5 gxf5 12. Nxf5 Bxf5 13. Rxf5 h6 14.
Qf1 Qe7 15. a3 O-O-O 16. Bf4 Rdg8 17. Rc1 Kb8 18. Re1 Rg7 19. e4 dxe4 20. Nxe4
Nxe4 21. Rxe4 Qf8 22. Bxd6+ Qxd6 23. Qf4 Qxf4 24. Rfxf4 Nb6 25. Re7 Nc4 26. Rf2
Rd8 27. Re4 Nd6 28. Ref4 Rg5 29. a4 Ra5 30. b3 Kc7 31. Rh4 h5 32. Bf3 Rh8 33.
g4 Rg8 34. Kf1 hxg4 35. Bxg4 Rag5 36. Rg2 Nf5 0-1

[Event "Flint (MI YJ Spon/4)"]
[Site "?"]
[Date "1994.??.??"]
[Round "?"]
[White "Rostrom, Richard"]
[Black "Pontoni, M."]
[Result "1-0"]
[WhiteElo "1665"]
[BlackElo "1605"]
[PlyCount "72"]
[EventDate "1994.??.??"]

1. c4 Nf6 2. Nc3 g6 3. g3 c5 4. Bg2 Nc6 5. Nf3 Bg7 6. O-O d6 7. d3 Bg4 8. h3
Bf5 9. Kh2 h5 10. e4 Be6 11. Ng5 Qd7 12. f4 Bh6 13. Nxe6 Qxe6 14. f5 gxf5 15.
Nd5 O-O-O 16. exf5 Qe5 17. Qe1 Bxc1 18. Qxe5 dxe5 19. Raxc1 Nxd5 20. cxd5 Nb4
21. Rxc5+ Kb8 22. Rb5 Nxd3 23. d6 Rd7 24. Bc6 Nc5 25. Bxd7 Nxd7 26. dxe7 Re8
27. f6 Kc7 28. Rd5 Kc6 29. Rfd1 Nxf6 30. Rd6+ Kc5 31. Rxf6 Rxe7 32. Rdf1 e4 33.
Rxf7 Rxf7 34. Rxf7 e3 35. Kg2 Kd4 36. Kf1 Kd3 1-0

[Event "Detroit (Class B/5/14)"]
[Site "?"]
[Date "1994.??.??"]
[Round "?"]
[White "Rostrom, Richard"]
[Black "Foord, Allan"]
[Result "0-1"]
[WhiteElo "1675"]
[BlackElo "1680"]
[PlyCount "120"]
[EventDate "1994.??.??"]

{5/(14)} 1. c4 Nf6 2. Nc3 g6 3. g3 d5 4. cxd5 Nxd5 5. Bg2 c6 6. Nf3 Bg7 7. d4
O-O 8. O-O Nd7 9. e4 Nxc3 10. bxc3 e5 11. Rb1 Qa5 12. Qb3 exd4 13. cxd4 Qb6 14.
Qd3 Qd8 15. Qb3 Qb6 16. Qd3 Qd8 17. Ba3 Re8 18. Bc1 Nc5 19. Qc4 Nxe4 20. Bf4
Nd6 21. Qc1 Nf5 22. Bg5 Qd5 23. Re1 Rxe1+ 24. Qxe1 Qe6 25. Qd2 Qd5 26. Be3 Nxe3
27. fxe3 Qd6 28. Ng5 h6 29. Ne4 Qe7 30. Nc5 a5 31. a4 h5 32. Qf2 Bh6 33. e4 Rb8
34. Na6 Ra8 35. Nc5 Qc7 36. Kh1 b6 37. Nd3 Ba6 38. Ne5 Rd8 39. Rd1 Bg7 40. Nf3
b5 41. axb5 cxb5 42. Rd2 Qc1+ 43. Qf1 Qxf1+ 44. Bxf1 Rc8 45. Kg2 Bh6 46. Rb2
Bf8 47. d5 Ra8 48. Rc2 b4 49. Bxa6 Rxa6 50. Rc8 b3 51. Rb8 a4 52. Nd4 Kg7 53.
Nxb3 axb3 54. Rxb3 Ra2+ 55. Kh3 Re2 56. Rd3 Bd6 57. Rd4 g5 58. Rc4 Kg6 59. Rc6
g4+ 60. Kh4 Rxh2# 0-1

[Event "Flint (MI YJ Spon/3)"]
[Site "?"]
[Date "1994.??.??"]
[Round "?"]
[White "Rostrom, Richard"]
[Black "Bensek, R."]
[Result "1-0"]
[WhiteElo "1665"]
[BlackElo "1605"]
[PlyCount "96"]
[EventDate "1994.??.??"]

1. c4 e5 2. Nc3 Bb4 3. g3 Bxc3 4. bxc3 Nc6 5. Bg2 Nf6 6. d4 e4 7. Bg5 h6 8.
Bxf6 Qxf6 9. Bxe4 O-O 10. Bg2 d6 11. Nf3 Re8 12. O-O Bg4 13. h3 Bf5 14. Nd2 Na5
15. e4 Bg6 16. Kh2 c5 17. Qf3 Qe6 18. d5 Qe5 19. Qd3 h5 20. f4 Qe7 21. Qf3 h4
22. f5 hxg3+ 23. Qxg3 Qe5 24. fxg6 Qxg3+ 25. Kxg3 f6 26. h4 Re5 27. Rf5 Rae8
28. Kf4 b6 29. h5 Kf8 30. Rh1 Ke7 31. h6 Rg8 32. hxg7 Rxg7 33. Rh7 Kf8 34. Rxe5
fxe5+ 35. Kf5 Rxh7 36. gxh7 Kg7 37. Ke6 Nb7 38. Kd7 Kxh7 39. Kc7 Na5 40. Kxd6
Kg7 41. Kc7 Kf7 42. d6 Nc6 43. Kxc6 Ke8 44. Nf3 Kd8 45. Nxe5 a5 46. Nf7+ Ke8
47. d7+ Kxf7 48. d8=Q Kg6 1-0

[Event "Warren (Warmup"]
[Site "?"]
[Date "1994.??.??"]
[Round "?"]
[White "Ross, A."]
[Black "Haragely, C."]
[Result "1-0"]
[WhiteElo "1605"]
[BlackElo "1605"]
[PlyCount "43"]
[EventDate "1994.??.??"]

1. e4 e5 2. Nf3 Nc6 3. Bb5 Bc5 4. d3 Nf6 5. O-O d6 6. Bg5 Bd7 7. Nc3 h6 8. Bh4
O-O 9. Nd5 Bg4 10. Nxf6+ gxf6 11. Qd2 Bxf3 12. Qxh6 Bxg2 13. Bxf6 Qxf6 14. Qxf6
Bxf1 15. Rxf1 Rfe8 16. Kh1 Nd4 17. Bxe8 Rxe8 18. Rg1+ Kf8 19. Rg7 Re7 20. Qh6
Ke8 21. Qh3 Nxc2 22. Qc8# 1-0

[Event "Warren (Warmup"]
[Site "?"]
[Date "1994.??.??"]
[Round "?"]
[White "Ross, A."]
[Black "Grawburg, H."]
[Result "0-1"]
[WhiteElo "1605"]
[BlackElo "1605"]
[PlyCount "74"]
[EventDate "1994.??.??"]

1. e4 e5 2. Nf3 Nc6 3. Bb5 Nf6 4. Nc3 h6 5. d3 a6 6. Ba4 Bb4 7. Bd2 O-O 8. O-O
Qe8 9. Re1 d6 10. a3 Bxc3 11. Bxc3 Bg4 12. Re3 Qc8 13. Qd2 b5 14. Bb3 Bxf3 15.
Rxf3 a5 16. d4 Nxe4 17. Qe3 Nxc3 18. Qxc3 Nxd4 19. Bd5 Ne2+ 20. Kf1 Nxc3 21.
Bxa8 Qxa8 22. Rxc3 c6 23. Rd1 d5 24. Re1 Qa6 25. b4 axb4 26. axb4 Re8 27. f4 e4
28. f5 g6 29. g4 Qa2 30. Rxc6 Qa3 31. c3 Qb2 32. Re2 Qc1+ 33. Kf2 Qf4+ 34. Ke1
Qxg4 35. Rc5 Qxf5 36. Rxb5 e3 37. c4 Qb1# 0-1

[Event "Eastpointe (EDO/2/21)"]
[Site "?"]
[Date "1994.??.??"]
[Round "?"]
[White "Rosenberg, Steve"]
[Black "al-Shareef, Robert"]
[Result "1/2-1/2"]
[WhiteElo "1735"]
[BlackElo "1605"]
[PlyCount "113"]
[EventDate "1994.??.??"]

{2/(21)} 1. d4 d5 2. e3 Bf5 3. f4 Nf6 4. Nd2 e6 5. Ngf3 Bd6 6. Bd3 Nbd7 7. Ne5
O-O 8. O-O c5 9. Bxf5 exf5 10. c3 Re8 11. Qf3 Ne4 12. Qh5 g6 13. Qh6 Bf8 14.
Qh3 Nxe5 15. fxe5 Qb6 16. Nxe4 dxe4 17. Qg3 Kh8 18. Qf2 cxd4 19. exd4 Rxe5 20.
Be3 Ree8 21. c4 Rec8 22. b3 f6 23. d5 Qc7 24. Rac1 b6 25. g4 fxg4 26. Bd4 Bg7
27. Bxf6 Rf8 28. Bxg7+ Kxg7 29. Qd4+ Kg8 30. Qxe4 g3 31. Qe6+ Kg7 32. d6 Qc5+
33. Kg2 gxh2 34. Qe7+ Kg8 35. Rce1 h1=Q+ 36. Kxh1 Qh5+ 37. Kg2 Qg4+ 38. Kh2
Qh5+ 39. Kg3 Rae8 40. Rxf8+ Rxf8 41. Qe6+ Kg7 42. Qe5+ Qxe5+ 43. Rxe5 Kf6 44.
Re7 Rf7 45. Rxf7+ Kxf7 46. b4 Ke6 47. c5 b5 48. Kf4 h6 49. Kg4 Kd7 50. Kf4 Ke6
51. Ke4 g5 52. a3 a6 53. d7 Kxd7 54. Kf5 Kc6 55. Kg4 Kd5 56. Kh5 Ke6 57. Kg4
1/2-1/2

[Event "Detroit (MOR/3/2)"]
[Site "?"]
[Date "1994.??.??"]
[Round "?"]
[White "Rosenberg, Steve"]
[Black "Williams, Eddie"]
[Result "1-0"]
[WhiteElo "1770"]
[BlackElo "1660"]
[PlyCount "113"]
[EventDate "1994.??.??"]

{3/(2)} 1. Nf3 Nf6 2. g3 d5 3. d4 Bf5 4. Bg2 Nc6 5. Nh4 Bd7 6. Nc3 e6 7. e4
dxe4 8. Nxe4 Be7 9. Nc3 Bb4 10. Bd2 Nxd4 11. Bxb7 Rb8 12. Bg2 Bc6 13. Bxc6+
Nxc6 14. a3 Bd6 15. b4 Be5 16. Nf3 Bd6 17. Qe2 O-O 18. Ne4 Ne5 19. Nxd6 Nxf3+
20. Qxf3 Qxd6 21. Rd1 Qe5+ 22. Qe3 Qxe3+ 23. Bxe3 a6 24. c4 c6 25. f3 Rbd8 26.
Ke2 h6 27. Bd4 Nh7 28. Bb6 Rb8 29. Bc5 Rfd8 30. Rd6 Rxd6 31. Bxd6 Rd8 32. Rd1
Nf6 33. a4 Ne8 34. Bc5 Rxd1 35. Kxd1 Nc7 36. Bb6 Na8 37. Ba5 Kf8 38. b5 axb5
39. axb5 cxb5 40. cxb5 Ke8 41. b6 Nxb6 42. Bxb6 f5 43. Ke2 g5 44. Be3 Kf7 45.
g4 Kg6 46. Kd3 h5 47. h3 e5 48. Bc1 e4+ 49. fxe4 fxg4 50. hxg4 h4 51. Ke3 Kf6
52. Kf3 Kg6 53. e5 Kh6 54. e6 h3 55. e7 h2 56. Kg2 h1=Q+ 57. Kxh1 1-0

[Event "Detroit (MOR/7/3)"]
[Site "?"]
[Date "1994.??.??"]
[Round "?"]
[White "Rosenberg, Steve"]
[Black "Waters, G."]
[Result "1/2-1/2"]
[WhiteElo "1770"]
[BlackElo "1705"]
[PlyCount "147"]
[EventDate "1994.??.??"]

{7/(3)} 1. g3 d5 2. Bg2 e5 3. d3 Nf6 4. Nf3 Nc6 5. Nbd2 Bc5 6. O-O Be6 7. e4
dxe4 8. dxe4 O-O 9. c3 Qe7 10. Qc2 Rfd8 11. Nb3 Bb6 12. Qe2 Rd6 13. Be3 Rad8
14. Bxb6 axb6 15. Rfe1 h6 16. Qb5 Bg4 17. h3 Bd7 18. Qe2 Na5 19. Nbd2 b5 20.
Bf1 b6 21. Nb3 c5 22. Nxa5 bxa5 23. Qe3 c4 24. Qc5 Re8 25. Qa7 Bc6 26. Qxa5
Nxe4 27. Bg2 Rd3 28. Rad1 Red8 29. Rxd3 Rxd3 30. Qb6 Qf6 31. Qb8+ Kh7 32. Qxe5
Rxf3 33. Qxf6 Rxf6 34. Bxe4+ Bxe4 35. Rxe4 Rd6 36. Re5 b4 37. cxb4 Rd2 38. Rc5
Rxb2 39. Rxc4 Rxa2 40. Rc8 h5 41. Kg2 Ra3 42. g4 hxg4 43. hxg4 g6 44. f3 Rb3
45. Rb8 Kg7 46. b5 Kf6 47. b6 Kg7 48. g5 Kh7 49. Kg3 Kg7 50. Kf4 Rb4+ 51. Ke3
Rb5 52. Kd4 Rxg5 53. Kc4 Rg1 54. Ra8 Rc1+ 55. Kb5 Rb1+ 56. Kc6 Rc1+ 57. Kb7 Rc3
58. f4 Rc4 59. f5 gxf5 60. Ra3 Rb4 61. Ka7 Kf6 62. b7 f4 63. b8=Q Rxb8 64. Kxb8
Ke5 65. Kc7 Ke4 66. Kd6 f3 67. Ra4+ Ke3 68. Ke5 f2 69. Ra3+ Ke2 70. Ra2+ Kf3
71. Ra3+ Kg2 72. Ra2 Kg1 73. Rxf2 Kxf2 74. Kf6 1/2-1/2

[Event "Detroit (MOR/5/2)"]
[Site "?"]
[Date "1994.??.??"]
[Round "?"]
[White "Rosenberg, Steve"]
[Black "Walquist, Elaine"]
[Result "0-1"]
[WhiteElo "1770"]
[BlackElo "1605"]
[PlyCount "90"]
[EventDate "1994.??.??"]

{5/(2)} 1. e4 c6 2. d3 d5 3. Nd2 dxe4 4. dxe4 Nf6 5. Ngf3 g6 6. g3 Bg4 7. Bg2
Bg7 8. O-O O-O 9. h3 Bxf3 10. Qxf3 Nbd7 11. Qe2 Qc7 12. f4 Nh5 13. Qf2 Nb6 14.
g4 Rad8 15. c3 Nf6 16. Qe2 Na4 17. Nf3 Nc5 18. Ne5 Nfd7 19. Nf3 Nf6 20. Ne1 Rd7
21. e5 Nd5 22. c4 Nb4 23. a3 Nbd3 24. Nxd3 Nxd3 25. Be3 Rfd8 26. Be4 Nxe5 27.
fxe5 Qxe5 28. Bc1 Qg3+ 29. Qg2 Bd4+ 30. Kh1 Qh4 31. Rb1 Bb6 32. Qf3 e6 33. b3
f5 34. gxf5 gxf5 35. Qg2+ Rg7 36. Bxf5 Rxg2 37. Bxe6+ Kh8 38. Bb2+ Rxb2 39.
Rxb2 Qe4+ 40. Rg2 Qxe6 41. Kh2 Bc7+ 42. Kg1 Qe3+ 43. Kh1 Qxh3+ 44. Kg1 Bb6+ 45.
Rff2 Rd1# 0-1

[Event "Detroit (Class A/1/14)"]
[Site "?"]
[Date "1994.??.??"]
[Round "?"]
[White "Rosenberg, Steve"]
[Black "Skidmore, Jennifer"]
[Result "0-1"]
[WhiteElo "1805"]
[BlackElo "1905"]
[PlyCount "98"]
[EventDate "1994.??.??"]

{1/(14)} 1. e4 e5 2. Nf3 d6 3. Be2 Nf6 4. Nc3 c6 5. d4 exd4 6. Nxd4 Be7 7. Bf4
O-O 8. e5 dxe5 9. Bxe5 Nbd7 10. Bf4 Bb4 11. O-O Nc5 12. Nb1 Nce4 13. c3 Bc5 14.
Nb3 Bb6 15. N1d2 Nd5 16. Nxe4 Nxf4 17. Bc4 Bf5 18. Nd6 Qg5 19. Qf3 Bh3 20. Qg3
Qe5 21. Nxf7 Rxf7 22. gxh3 Kh8 23. Rae1 Bxf2+ 24. Kh1 Qxe1 25. Rxe1 Bxg3 26.
hxg3 Nd5 27. Re5 Rf2 28. Bxd5 cxd5 29. Rxd5 Re8 30. Rd1 Rxb2 31. Nc5 h6 32. a4
Re3 33. Nd3 Ra2 34. Nf4 Rxg3 35. h4 Rg4 36. Rd4 Rxh4+ 37. Kg1 Rg4+ 38. Kh1 Kh7
39. c4 Rf2 40. c5 Rgxf4 41. Rd1 Rxa4 42. c6 bxc6 43. Kg1 Rf5 44. Kg2 Rg4+ 45.
Kh3 Rg6 46. Kh4 Rf2 47. Rh1 Rfg2 48. Kh5 R6g4 49. Rg1 g6# 0-1

[Event "Eastpointe (MI Action/6/12)"]
[Site "?"]
[Date "1994.??.??"]
[Round "?"]
[White "Rosenberg, Steve"]
[Black "Marson, Michael"]
[Result "1/2-1/2"]
[WhiteElo "1815"]
[BlackElo "1605"]
[PlyCount "54"]
[EventDate "1994.??.??"]

{6/(12)} 1. e4 e6 2. d4 d5 3. exd5 exd5 4. Nf3 Nf6 5. Be2 Bd6 6. Bg5 Bg4 7. Nc3
c6 8. Ne5 Bxe2 9. Qxe2 O-O 10. O-O Re8 11. f4 Nbd7 12. Qf3 Qc7 13. Rae1 Bb4 14.
Nxd7 Nxd7 15. f5 Qa5 16. f6 Nxf6 17. Bxf6 gxf6 18. Qxf6 Rxe1 19. Qxf7+ Kh8 20.
Rxe1 Qd8 21. Qxb7 Bd6 22. Qf7 Bxh2+ 23. Kxh2 Qh4+ 24. Kg1 Qxe1+ 25. Kh2 Qh4+
26. Kg1 Qe1+ 27. Kh2 Qh4+ 1/2-1/2

[Event "Eastpointe (MI Action/5/11)"]
[Site "?"]
[Date "1994.??.??"]
[Round "?"]
[White "Rosenberg, Steve"]
[Black "Mailing, Don"]
[Result "1-0"]
[WhiteElo "1815"]
[BlackElo "1605"]
[PlyCount "91"]
[EventDate "1994.??.??"]

{5/(11)} 1. e4 e6 2. d4 d5 3. e5 c5 4. c3 cxd4 5. cxd4 Nc6 6. Nc3 Bb4 7. Bd2
Nxd4 8. Qa4+ Nc6 9. Bb5 Be7 10. Bxc6+ bxc6 11. Qxc6+ Bd7 12. Qa6 Qc7 13. Nf3
Rb8 14. b3 Rb6 15. Qd3 Bb4 16. Rc1 Qb8 17. O-O Ne7 18. Qe3 Nf5 19. Qg5 O-O 20.
Rfe1 Be7 21. Qg4 Rb4 22. Qh3 f6 23. Nb1 Rb7 24. Bc3 fxe5 25. Nxe5 Bf6 26. Qg4
Nh6 27. Qg3 Bxe5 28. Bxe5 Nf5 29. Bxb8 Nxg3 30. Bxg3 Bb5 31. Rxe6 Rd7 32. Rd6
Rxd6 33. Bxd6 Rd8 34. Bc5 a6 35. Bd4 Re8 36. Nc3 Rc8 37. Re1 Bc6 38. Re7 Re8
39. Rxe8+ Bxe8 40. Nxd5 Bb5 41. f4 Kf7 42. g4 Kg6 43. h4 Be2 44. f5+ Kf7 45. g5
h6 46. g6+ 1-0

[Event "Eastpointe (EDO/5/12)"]
[Site "?"]
[Date "1994.??.??"]
[Round "?"]
[White "Rosenberg, Steve"]
[Black "Kulbacki, James"]
[Result "0-1"]
[WhiteElo "1735"]
[BlackElo "2015"]
[PlyCount "128"]
[EventDate "1994.??.??"]

{5/(12)} 1. d4 e6 2. e3 f5 3. c4 Nf6 4. Nd2 b6 5. Ngf3 Bb7 6. b3 Be7 7. Bd3 O-O
8. a4 Na6 9. O-O Nb4 10. Bc2 d6 11. Ba3 Nxc2 12. Qxc2 Ne4 13. Bb2 g5 14. Nxe4
Bxe4 15. Qe2 Qe8 16. Nd2 Qg6 17. Nxe4 fxe4 18. f4 exf3 19. Rxf3 g4 20. Rxf8+
Rxf8 21. Rf1 Rxf1+ 22. Kxf1 Qb1+ 23. Kf2 Qf5+ 24. Kg1 Qe4 25. b4 Bg5 26. Kf2 h5
27. Ke1 Qb1+ 28. Kf2 Qf5+ 29. Ke1 Qe4 30. Kd2 Qb1 31. Kc3 Qg1 32. Qd3 Qxe3 33.
Qxe3 Bxe3 34. Kd3 Bg1 35. h3 d5 36. Bc1 Kf7 37. cxd5 exd5 38. b5 Bh2 39. Be3
Kf6 40. Ke2 Kf5 41. hxg4+ hxg4 42. Kd3 Bf4 43. Bf2 Bd6 44. Be3 g3 45. Bh6 Bf4
46. Bg7 Ke6 47. Bh8 Kd6 48. Bg7 c6 49. bxc6 Kxc6 50. Be5 Bxe5 51. dxe5 Kd7 52.
Ke3 Ke6 53. Kf3 Kxe5 54. Kxg3 a6 55. Kf3 b5 56. axb5 axb5 57. g4 b4 58. Ke3 d4+
59. Kd3 b3 60. g5 Kf5 61. Kd2 Kxg5 62. Kc1 Kf4 63. Kb2 Ke3 64. Kxb3 Ke2 0-1

[Event "Detroit (MOR/1a/2)"]
[Site "?"]
[Date "1994.??.??"]
[Round "?"]
[White "Rosenberg, Steve"]
[Black "Iyer, Krishnan"]
[Result "1-0"]
[WhiteElo "1770"]
[BlackElo "1605"]
[PlyCount "75"]
[EventDate "1994.??.??"]

1. Nf3 Nf6 2. g3 g6 3. Bg2 Bg7 4. d3 d5 5. O-O O-O 6. Nbd2 Re8 7. e4 dxe4 8.
Nxe4 Nxe4 9. dxe4 Qxd1 10. Rxd1 e5 11. Nh4 Be6 12. f4 Bf6 13. Nf3 Nc6 14. c3
Rad8 15. Re1 Rd6 16. Be3 b6 17. Bf1 Bc8 18. Nd2 Red8 19. Nc4 R6d7 20. a4 a5 21.
Na3 Nb8 22. Rab1 exf4 23. gxf4 Bh4 24. Rec1 Re7 25. Bg2 Bb7 26. Rd1 Rxd1+ 27.
Rxd1 Bxe4 28. Rd8+ Kg7 29. Bd4+ Bf6 30. Bxf6+ Kxf6 31. Rxb8 Bxg2 32. Kxg2 Re2+
33. Kg3 Rxb2 34. Nb5 Kf5 35. Nxc7 Re2 36. Nd5 Ke4 37. Re8+ Kd3 38. Rxe2 1-0

[Event "Detroit (Class A/2/15)"]
[Site "?"]
[Date "1994.??.??"]
[Round "?"]
[White "Rosenberg, Steve"]
[Black "Hendricks, Marcus"]
[Result "0-1"]
[WhiteElo "1805"]
[BlackElo "1910"]
[PlyCount "62"]
[EventDate "1994.??.??"]

{2/(15)} 1. e4 c5 2. Nf3 d6 3. Be2 Nc6 4. Nc3 g6 5. d3 Bg7 6. O-O Nf6 7. Bg5
Bd7 8. Qd2 h6 9. Be3 Ng4 10. h3 Nxe3 11. fxe3 O-O 12. d4 cxd4 13. exd4 Qb6 14.
Rfd1 e6 15. Kh1 Rfd8 16. Rab1 Rac8 17. Bf1 Kh7 18. a3 a6 19. Ne2 Na5 20. c3 Nc4
21. Qf4 Rf8 22. Ng3 e5 23. dxe5 dxe5 24. Qh4 Bf6 25. Rxd7 Bxh4 26. Nxh4 Qf2 27.
Kh2 Ne3 28. Rxb7 Rcd8 29. c4 Rd2 30. c5 g5 31. Nf3 Nxf1+ 0-1

[Event "Detroit (Class A/5/11)"]
[Site "?"]
[Date "1994.??.??"]
[Round "?"]
[White "Rosenberg, Steve"]
[Black "Gipson, John"]
[Result "0-1"]
[WhiteElo "1805"]
[BlackElo "1930"]
[PlyCount "102"]
[EventDate "1994.??.??"]

{5/(11)} 1. e4 e6 2. d4 d5 3. e5 c5 4. c3 Nc6 5. Nf3 Qb6 6. Be2 cxd4 7. cxd4
Bb4+ 8. Nc3 Nge7 9. O-O Nf5 10. a3 Bxc3 11. bxc3 Na5 12. Bg5 h6 13. Rb1 Qc7 14.
Bd2 O-O 15. Bd3 Bd7 16. Bxf5 exf5 17. Qc1 Kh7 18. Bf4 Be6 19. Qc2 Nc4 20. Rb3
Qe7 21. a4 b6 22. g4 g6 23. gxf5 Bxf5 24. Qc1 g5 25. Bg3 Rg8 26. Nd2 Na5 27.
Rb5 Qe6 28. f4 Bh3 29. Qc2+ Kh8 30. f5 Qd7 31. e6 fxe6 32. fxe6 Qxe6 33. Be5+
Rg7 34. Bxg7+ Kxg7 35. Rf3 g4 36. Rf2 Re8 37. Nf1 Nc4 38. Qf5 g3 39. Qxe6 gxf2+
40. Kxf2 Rxe6 41. Rxd5 Rf6+ 42. Kg3 Bxf1 43. Rd7+ Rf7 44. Rd8 Nb2 45. d5 Nxa4
46. d6 Bb5 47. c4 Bd7 48. Kh4 Nc5 49. h3 Ne4 50. Ra8 Rf4+ 51. Kh5 Nf6# 0-1

[Event "Romulus (RVO/3/17)"]
[Site "?"]
[Date "1994.??.??"]
[Round "?"]
[White "Rosebrook, G."]
[Black "Ward, Tim"]
[Result "0-1"]
[WhiteElo "1605"]
[BlackElo "1870"]
[PlyCount "104"]
[EventDate "1994.??.??"]

{3/(17)} 1. e4 e6 2. Nf3 d5 3. e5 c5 4. c3 Nc6 5. Bb5 Bd7 6. Bxc6 bxc6 7. d3
Be7 8. O-O f6 9. Re1 fxe5 10. Nxe5 Nf6 11. Nd2 O-O 12. d4 cxd4 13. cxd4 c5 14.
f4 cxd4 15. Nb3 Ne4 16. Qxd4 a5 17. Nxd7 Qxd7 18. Rxe4 Qd6 19. Re2 a4 20. Nd2
Rxf4 21. Qe5 Qb6+ 22. Kh1 Raf8 23. Nf3 Re4 24. Rxe4 dxe4 25. Qxe4 Bf6 26. Qxa4
Qf2 27. Qb3 Qf1+ 28. Ng1 Qe1 29. Qe3 Qd1 30. Qd2 Qf1 31. Qe2 Qf5 32. a4 Rc8 33.
Qf3 Qc2 34. h3 Bd4 35. Ne2 Qd1+ 36. Kh2 Be5+ 37. g3 Rf8 38. Qe3 Rf1 39. Ng1
Qc2+ 40. Kh1 Qc6+ 41. Kh2 Qd5 42. Ra3 Bd4 43. Rd3 Bxe3 44. Rxd5 Bxg1+ 45. Kg2
Rxc1 46. Rb5 Bd4 47. b3 Rb1 48. Kf3 e5 49. Ke4 Kf7 50. a5 Ra1 51. b4 Ke6 52.
Rb7 Ra3 0-1

[Event "Eastpointe (US Am N/1b/10)"]
[Site "?"]
[Date "1994.??.??"]
[Round "?"]
[White "Rosebrook, G."]
[Black "Walker, Douglas"]
[Result "1-0"]
[WhiteElo "1605"]
[BlackElo "1900"]
[PlyCount "57"]
[EventDate "1994.??.??"]

1. e4 e6 2. Nf3 d5 3. c3 dxe4 4. Qa4+ Bd7 5. Qxe4 Bc6 6. Qe3 Nf6 7. d4 Nbd7 8.
Bc4 Bd6 9. O-O O-O 10. Nbd2 Nb6 11. Bb3 h6 12. Re1 Nbd5 13. Qd3 Nf4 14. Qf1 a5
15. Bc2 Qd7 16. c4 Bb4 17. a3 Bxf3 18. gxf3 Bxd2 19. Bxd2 N6h5 20. Re4 e5 21.
Be3 Nh3+ 22. Kh1 exd4 23. Rxd4 Qe6 24. Rh4 N3f4 25. Bxf4 Nxf4 26. Rxf4 Qe5 27.
Qd3 Rfd8 28. Qh7+ Kf8 29. Re4 1-0

[Event "Gaylord (NMO/4/11)"]
[Site "?"]
[Date "1994.??.??"]
[Round "?"]
[White "Rosebrook, G."]
[Black "Vangilder, W."]
[Result "1-0"]
[WhiteElo "1605"]
[BlackElo "1605"]
[PlyCount "87"]
[EventDate "1994.??.??"]

{4/(11)} 1. e4 Nc6 2. Nf3 d6 3. d4 Bg4 4. Be3 Nf6 5. c3 e6 6. Bb5 a6 7. Bxc6+
bxc6 8. Qc2 d5 9. Ne5 Bh5 10. Nxc6 Qd7 11. Ne5 Qd6 12. Nxf7 Kxf7 13. e5 Qd8 14.
exf6 Qxf6 15. Nd2 Bd6 16. Nf1 Bg6 17. Qd2 Rhf8 18. Bg5 Qf5 19. h4 Rae8 20. h5
Qe4+ 21. Ne3 Bf5 22. Rh4 Qd3 23. Qxd3 Bxd3 24. h6 g6 25. Rh3 Kg8 26. Ng4 Be7
27. Bxe7 Rxe7 28. Rxd3 e5 29. Nxe5 Re6 30. f3 g5 31. Kf2 Rxh6 32. Ng4 Rh4 33.
Kg3 h5 34. Ne5 Kg7 35. Re1 Rhf4 36. Rde3 g4 37. Nd3 R4f6 38. Re7+ Kg8 39. Re8
gxf3 40. Rxf8+ Kxf8 41. gxf3 h4+ 42. Kxh4 Rxf3 43. Nb4 Kf7 44. Nxd5 1-0

[Event "Eastpointe (US Am N/3/11)"]
[Site "?"]
[Date "1994.??.??"]
[Round "?"]
[White "Rosebrook, G."]
[Black "Scott, Steven"]
[Result "1-0"]
[WhiteElo "1605"]
[BlackElo "1860"]
[PlyCount "95"]
[EventDate "1994.??.??"]

{3/(11)} 1. e4 c5 2. Nf3 d6 3. Nc3 Nf6 4. h3 a6 5. b3 e6 6. Bb2 b5 7. d3 Be7 8.
Qd2 Nbd7 9. Be2 Bb7 10. a3 O-O 11. Nd1 Qb6 12. Ne3 Rac8 13. Ng4 e5 14. Ne3 g6
15. Nh2 Qd8 16. Nhg4 Ne8 17. f4 f6 18. f5 Kg7 19. Nf1 gxf5 20. exf5 Kh8 21. Nh6
Ng7 22. Rg1 Bd5 23. g4 Bg8 24. Ng3 Nb6 25. h4 Nd5 26. g5 fxg5 27. h5 Nf4 28.
Bg4 Bf6 29. O-O-O Bf7 30. Nxf7+ Rxf7 31. h6 Ne8 32. Rh1 Rfc7 33. Bc3 Rb7 34.
Ba5 Qe7 35. Ne4 d5 36. Nxf6 Qxf6 37. Rde1 e4 38. Bc3 d4 39. Bb2 exd3 40. Re3
Qf7 41. cxd3 Kg8 42. Rg3 Qxb3 43. Bd1 Qf7 44. Qxf4 Rd7 45. Rxg5+ Kh8 46. Rhg1
Nf6 47. Rg7 Qe8 48. Qg5 $138 1-0

[Event "Gaylord (NMO/3/11)"]
[Site "?"]
[Date "1994.??.??"]
[Round "?"]
[White "Rosebrook, G."]
[Black "Morio, J."]
[Result "1/2-1/2"]
[WhiteElo "1605"]
[BlackElo "1605"]
[PlyCount "97"]
[EventDate "1994.??.??"]

{3/(11)} 1. e4 d5 2. exd5 Nf6 3. c4 e6 4. Nc3 exd5 5. d3 Bb4 6. Bd2 O-O 7. Be2
dxc4 8. dxc4 Nc6 9. Nf3 Bxc3 10. Bxc3 Ne4 11. Qc2 Nxc3 12. Qxc3 Qe7 13. O-O-O
Qxe2 14. Rd2 Qe4 15. Re1 Qg6 16. b3 Bg4 17. Ne5 Nxe5 18. Rxe5 Rfe8 19. Qd4 Qf6
20. Rxe8+ Rxe8 21. Qxg4 Qa1+ 22. Kc2 Qxa2+ 23. Kc3 Qa5+ 24. Kc2 c5 25. Qd7 Rf8
26. Kb2 g6 27. Re2 Rd8 28. Qxb7 Rd2+ 29. Rxd2 Qxd2+ 30. Ka3 Qc1+ 31. Ka2 a5 32.
Qa8+ Kg7 33. Qxa5 Qc2+ 34. Ka1 Qxf2 35. Qc3+ Qf6 36. Qxf6+ Kxf6 37. Kb2 Ke6 38.
Kc3 Kd6 39. b4 cxb4+ 40. Kxb4 Kc6 41. c5 f5 42. Kc4 h5 43. Kd4 h4 44. Ke5 Kxc5
45. Kf4 Kd4 46. Kg5 Ke4 47. Kxh4 Kf4 48. g3+ Kf3 49. Kg5 1/2-1/2

[Event "Detroit (MOR/4/62)"]
[Site "?"]
[Date "1994.??.??"]
[Round "?"]
[White "Rosebrook, G."]
[Black "Meza, Alex"]
[Result "0-1"]
[WhiteElo "1605"]
[BlackElo "1605"]
[PlyCount "46"]
[EventDate "1994.??.??"]

{4/(62)} 1. e4 c5 2. Nf3 d6 3. c3 Nf6 4. Qc2 g6 5. Bc4 Bg7 6. d4 cxd4 7. cxd4
O-O 8. O-O Bg4 9. Nbd2 Nc6 10. Re1 Rc8 11. Nb3 Bxf3 12. gxf3 Qd7 13. Kh1 Qh3
14. Rg1 Qxf3+ 15. Rg2 Nxe4 16. Be3 Nb4 17. Qe2 Qh3 18. Qg4 Qxg4 19. Rxg4 Nf6
20. Be2 Nxg4 21. Rc1 Rxc1+ 22. Bxc1 Nd3 23. Kg2 Nxc1 0-1

[Event "Flint (MI Senior/2/7)"]
[Site "?"]
[Date "1994.??.??"]
[Round "?"]
[White "Rosebrook, G."]
[Black "Matias, I.C."]
[Result "0-1"]
[WhiteElo "1605"]
[BlackElo "1605"]
[PlyCount "54"]
[EventDate "1994.??.??"]

{2/(7)} 1. e4 d6 2. Nf3 Nf6 3. Nc3 g6 4. d4 Bg7 5. h3 c6 6. Be3 O-O 7. Bd3 Nbd7
8. Ne2 e5 9. c3 Re8 10. Bg5 Qc7 11. Qd2 exd4 12. Ng3 dxc3 13. bxc3 Nc5 14. Bxf6
Bxf6 15. O-O Qe7 16. Rfe1 Be6 17. e5 dxe5 18. Nxe5 Qd6 19. Qf4 Bxe5 20. Qxe5
Qxe5 21. Rxe5 Nxd3 22. Re3 Bc4 23. Ne4 Kg7 24. Nd6 Rxe3 25. fxe3 Ba6 26. Rb1
Rd8 27. Ne4 Ne5 0-1

[Event "Flint (MI Senior/3/8)"]
[Site "?"]
[Date "1994.??.??"]
[Round "?"]
[White "Rosebrook, G."]
[Black "Iyer, Krishnan"]
[Result "1-0"]
[WhiteElo "1605"]
[BlackElo "1605"]
[PlyCount "55"]
[EventDate "1994.??.??"]

{3/(8)} 1. e4 c5 2. Nf3 Nc6 3. c3 a6 4. Qc2 d6 5. Na3 Qc7 6. d4 Bg4 7. Be2
O-O-O 8. Nc4 Bxf3 9. Bxf3 cxd4 10. O-O e5 11. Rd1 g6 12. a4 a5 13. Qb3 Nge7 14.
Bg5 Kb8 15. Bf6 Rg8 16. Bg4 Ka7 17. Na3 Qb6 18. Nb5+ Kb8 19. Qxf7 d5 20. exd5
Rxd5 21. Bxe7 Nxe7 22. cxd4 exd4 23. Rac1 Rxb5 24. Qe8+ Ka7 25. axb5 Qf6 26.
Qd7 Nf5 27. Rc6 Qe7 28. b6+ 1-0